| 000 | 00591nam a22001937a 4500 | ||
|---|---|---|---|
| 003 | NUST | ||
| 005 | 20230126154627.0 | ||
| 008 | 190705b ||||| |||| 00| 0 eng d | ||
| 038 | _aMr.Atta | ||
| 082 | _a510 | ||
| 100 |
_aMalik, Khansa Rubab _916802 |
||
| 245 |
_aAnalytic solutions for two and three diamensional flows of Maxwell fluid _cKhansa Rubab Malik |
||
| 260 |
_aIslamabad : _bSNS - NUST, _c2016. |
||
| 300 |
_a43 p. ; ill. ; _c30cm. |
||
| 500 | _aHardcover. | ||
| 650 |
_aMathematics - M. Phil Thesis _916594 |
||
| 700 |
_aDr. Maraj Mustafa Hashmi _916803 |
||
| 942 |
_2ddc _cTHE |
||
| 999 |
_c525858 _d525858 |
||